000 01477nam a2200277 4500
001 6109
010 _a9789892348094
021 _b467723/20
090 _a6109
100 _a20260121d2020 c||y0pory50030103ba
200 1 _aA Árvore dos rebuçados
_fRosário Alçada Araújo
_gil. Sandra Serra
205 _a7ª ed
210 9 _aAlfragide
_cASA
_d2020
215 _a32, [5] p.
_cmuito il.
_d25 cm
225 2 _aVira a página
330 _aTudo começa com um castigo. E com a chegada da árvore dos rebuçados ao jardim do Sebastião. O rapaz fica maravilhado e aproxima-se para recolher um rebuçado, já sonhando que no futuro terá quantos quiser. Mas a realidade não será assim tão simples. É que a árvore é mágica não só por dar rebuçados, mas também por ter o poder de falar. E mais: ao conversar com Sebastião, a árvore dos rebuçados lança-lhe um desafio inesperado - os Jogos Olímpicos da Vida Saudável -, que vai pôr à prova a sua capacidade de arriscar e de perseverar. Estará este herói preparado para as provas que aí vêm?
606 _914
_aLiteratura infantil
606 _915
_aLiteratura Portuguesa
675 _a82-93
_vBN
_zpor
675 _a821.134.3
_vBN
_zpor
700 _aAraújo
_bRosário Alçada
_f1973-
_9164
701 _aSerra
_bSandra
_f1968-
_9906
801 0 _aPT
_bBMVN
_gRPC
830 _cAna Caetano
_d21/01/2026
856 4 1 _uhttp://rnod.bnportugal.gov.pt/ImagesBN/winlibimg.aspx?skey=&doc=2065535&img=148929&save=true
990 _cLIVROS